Statystyki dla kraje o najwiekszej liczbie zakażeń na kontynentach

Kliknij tutaj aby rozwiązać quiz!

Ogólne statystyki

  • Ten quiz został rozwiązany 35 razy
  • Średni wynik to 6 z 6

Statystyki odpowiedzi

Liczba zarażonychKontynentKraj% Poprawnych
7,25 tysOceaniaAustralia
97%
621 tysAmeryka PłdBrazylia
97%
449 tysEuropaRosja
97%
1,93 mlnAmeryka PłnStany Zjednoczone
97%
236 tysAzjaIndie
89%
40,7 tysAfrykaRepublika Południowej Afryki
74%

Rozkład punktacji

Percentyl według liczby udzielonych odpowiedzi

Procent ludzi z każdym wynikiem

Twoja historia wyników

Nie rozwiązałeś tego quizu